000 00400nam a22001697a 4500
003 OSt
005 20211014151923.0
008 211014b |||||||| |||| 00| 0 eng d
020 _a029270562
040 _cHU
082 _a304.2089/HIS
100 _aDANIEL D. ARROA
_913741
245 _aHISPANIC SPACES LATION PLACES
260 _aAMERICA
_bTEXAS
_c2004
300 _a334P
942 _2ddc
_cBOOKS
_n0
999 _c12824
_d12824